[Event "Ì13Â"]
[Site "Loo"]
[Date "2017.04.25"]
[Round "6.15"]
[White "Ëüâîâ, Íèêèòà."]
[Black "Êóíäÿíîê, Âëàäèñëàâ."]
[Result "1/2-1/2"]
[WhiteElo "1879"]
[BlackElo "1810"]
[PlyCount "106"]
[EventDate "2017.04.20"]

1. d4 Nf6 2. Nf3 e6 3. c4 b6 4. g3 Bb7 5. Bg2 Be7 6. O-O O-O 7. Nc3 Ne4 8. Qc2
Nxc3 9. Qxc3 c5 10. b3 cxd4 11. Nxd4 Bxg2 12. Kxg2 Bf6 13. Bb2 Nc6 14. Qd2 Bxd4
15. Bxd4 d5 16. Bb2 dxc4 17. Qc3 Qd5+ 18. Kg1 f6 19. Rad1 Qc5 20. Qf3 Ne5 21.
Bxe5 Qxe5 22. bxc4 Rac8 23. Rd7 Rxc4 24. Rxa7 Rc7 25. Rxc7 Qxc7 26. Qe3 Qc6 27.
Rb1 Rd8 28. f3 Qc5 29. Kf2 Qxe3+ 30. Kxe3 Rd6 31. h4 Kf7 32. Rb4 Ke7 33. Ra4
Rd7 34. Rb4 Rd6 35. Ra4 Rd7 36. Rb4 Rd6 37. Rc4 Kd7 38. Rg4 g6 39. Ra4 Kc6 40.
Ra7 Rd7 41. Rxd7 Kxd7 42. Kd4 Kc6 43. Kc4 b5+ 44. Kb4 h6 45. e4 g5 46. hxg5
hxg5 47. Ka5 Kc5 48. a3 f5 49. exf5 exf5 50. f4 g4 51. Ka6 Kc6 52. Ka5 Kc5 53.
Ka6 Kc6 1/2-1/2

[Event "Ì13Â"]
[Site "Loo"]
[Date "2017.04.25"]
[Round "6.16"]
[White "Ãðåõîâ, Ëóêà."]
[Black "Ãðåáíåâ, Àëåêñåé."]
[Result "0-1"]
[WhiteElo "1756"]
[BlackElo "1874"]
[PlyCount "88"]
[EventDate "2017.04.20"]

1. d4 Nf6 2. c4 g6 3. Nf3 Bg7 4. Nc3 d6 5. g3 O-O 6. Bg2 Nc6 7. O-O e5 8. d5
Ne7 9. e4 Nd7 10. Ne1 f5 11. Nd3 Nf6 12. Bg5 h6 13. Bxf6 Bxf6 14. Qd2 f4 15.
gxf4 exf4 16. Nxf4 Bg5 17. Nce2 Rxf4 18. Nxf4 Qf8 19. Nxg6 Nxg6 20. Qe2 Bf4 21.
f3 Qf6 22. Rfe1 Bd7 23. Qf2 Re8 24. Re2 Re5 25. Kf1 b6 26. Ke1 Rg5 27. Rb1 Bxh2
28. Qf1 Ba4 29. b3 Qc3+ 30. Rd2 Bf4 31. Rbb2 Bxd2+ 32. Rxd2 Nf4 33. Kd1 Qa1+
34. Kc2 Qxa2+ 35. Kc1 Qxb3 36. Rb2 Qc3+ 37. Kb1 Nd3 38. Ra2 Bb3 39. Re2 Bc2+
40. Rxc2 Qb3+ 41. Ka1 Qxc2 42. Qb1 Qc3+ 43. Ka2 Rxg2+ 44. Qb2 Qxb2# 0-1

[Event "Ì13Â"]
[Site "Loo"]
[Date "2017.04.25"]
[Round "6.17"]
[White "Êîë÷èí, Ìàêñèì."]
[Black "Ïëÿñóíîâ, Äàíèèë."]
[Result "0-1"]
[WhiteElo "1713"]
[BlackElo "1868"]
[PlyCount "70"]
[EventDate "2017.04.20"]

1. e4 c5 2. Nf3 a6 3. c3 d5 4. e5 d4 5. cxd4 cxd4 6. Bc4 e6 7. O-O Nc6 8. d3
Nge7 9. Bf4 Ng6 10. Bg3 Bb4 11. a3 Be7 12. Nbd2 b5 13. Ba2 Bb7 14. Rc1 O-O 15.
Ne4 Qa5 16. Nc5 Bxc5 17. Rxc5 Qb6 18. Rc1 b4 19. Qb3 a5 20. a4 h5 21. h3 Nce7
22. Qd1 Nf5 23. Bh2 Rac8 24. Rxc8 Rxc8 25. Nd2 Ne3 26. fxe3 dxe3 27. Kh1 exd2
28. Qxd2 Nh4 29. Rg1 b3 30. Bb1 Qc6 31. Bg3 Nxg2 32. Kh2 h4 33. Be1 Qf3 34. Qg5
Qe2 35. Qg4 Qxe5+ 0-1

[Event "Ì13Â"]
[Site "Loo"]
[Date "2017.04.25"]
[Round "6.18"]
[White "Áàëàøîâ, Àðñåíèé."]
[Black "Áàçûðöûðåíîâ, Êèðèëë."]
[Result "1-0"]
[WhiteElo "1769"]
[BlackElo "1831"]
[PlyCount "105"]
[EventDate "2017.04.20"]

1. e4 e5 2. Nf3 Nc6 3. d4 exd4 4. Nxd4 Nf6 5. Nc3 Bb4 6. Nxc6 bxc6 7. Bd3 d5 8.
exd5 cxd5 9. O-O O-O 10. Bg5 c6 11. Na4 h6 12. Bh4 Be6 13. c3 Be7 14. b4 Nd7
15. Bg3 Nb6 16. Nc5 Bxc5 17. bxc5 Nd7 18. Bd6 Qa5 19. Bxf8 Rxf8 20. Qc2 Qxc5
21. Rab1 Nb6 22. Rfe1 Nc4 23. Qc1 Qa5 24. Bxc4 dxc4 25. Qb2 Qg5 26. Qc1 Qg6 27.
Qf4 Bd5 28. Qg3 Qc2 29. Rb8 g6 30. Rxf8+ Kxf8 31. Qe5 Be6 32. Qb8+ Kg7 33. Qxa7
Qxc3 34. Qe3 Qa5 35. Qe5+ Qxe5 36. Rxe5 Kf6 37. Rc5 Bd5 38. a4 Ke6 39. a5 Kd6
40. a6 Kc7 41. a7 Kb7 42. Ra5 Ka8 43. Kf1 f5 44. f3 g5 45. Ke2 h5 46. Ke3 h4
47. Kd4 h3 48. gxh3 f4 49. Ra3 Be6 50. Kc5 Bd5 51. Kb6 Be6 52. Ra1 c5 53. Rd1
1-0

[Event "Ì13Â"]
[Site "Loo"]
[Date "2017.04.25"]
[Round "6.19"]
[White "Òðîôèìîâ, Èâàí."]
[Black "Òèòîâ, Àëåêñàíäð."]
[Result "0-1"]
[WhiteElo "1826"]
[BlackElo "1704"]
[PlyCount "108"]
[EventDate "2017.04.20"]

1. e4 e6 2. d4 d5 3. Nc3 Nf6 4. Bg5 Be7 5. e5 Nfd7 6. h4 h6 7. Bxe7 Qxe7 8. Nf3
a6 9. Qd2 c5 10. O-O-O Nc6 11. dxc5 O-O 12. g4 f6 13. g5 fxg5 14. hxg5 Rxf3 15.
gxh6 g6 16. h7+ Kh8 17. Bg2 Rf5 18. f4 Nf8 19. Bf3 Qxc5 20. Rdf1 Bd7 21. Be2
Na5 22. Bd3 Rf7 23. Rf3 Nc4 24. Bxc4 Qxc4 25. Ne2 d4 26. Nxd4 Qxa2 27. Ra3 Qd5
28. Rd1 b5 29. Ra1 Qe4 30. Rf1 Qxe5 31. Ra3 Qd5 32. Rd3 Qc4 33. Re1 b4 34. b3
Qc5 35. Kb2 a5 36. Ra1 a4 37. bxa4 Rxa4 38. Rxa4 Bxa4 39. Nb3 Bxb3 40. Rxb3 Rd7
41. Qxb4 Qxb4 42. Rxb4 Nxh7 43. Re4 Re7 44. c4 Kg7 45. Kc3 Nf6 46. Re1 Nh5 47.
Re4 Kf6 48. Kd4 Rd7+ 49. Ke3 Rd1 50. Ke2 Rc1 51. Kf2 Rc3 52. Kg2 Ng3 53. Rd4
Nf5 54. Re4 Rxc4 0-1

[Event "Ì13Â"]
[Site "Loo"]
[Date "2017.04.25"]
[Round "6.21"]
[White "Âàñèëüåâ, Àëåêñåé."]
[Black "Ïîñòàíîãîâ, Äìèòðèé."]
[Result "1-0"]
[WhiteElo "1861"]
[BlackElo "1801"]
[PlyCount "75"]
[EventDate "2017.04.20"]

1. e4 c6 2. d4 d5 3. e5 Bf5 4. Nc3 e6 5. g4 Bg6 6. Nge2 c5 7. h4 h5 8. Nf4 Bh7
9. Nxh5 Nc6 10. Bb5 cxd4 11. Qxd4 Nge7 12. Bg5 a6 13. Bxc6+ Nxc6 14. Qa4 Qd7
15. O-O-O Rc8 16. Rhe1 b5 17. Qf4 Bg6 18. Nf6+ gxf6 19. Nxd5 exd5 20. e6 fxe6
21. Qxf6 Ne5 22. Rxe5 Rxc2+ 23. Kb1 Rc1+ 24. Kxc1 Qc6+ 25. Kd2 Bb4+ 26. Ke3 d4+
27. Rxd4 Qc1+ 28. Kf3 Qh1+ 29. Kf4 Qc1+ 30. Re3 Qc7+ 31. Qe5 Rf8+ 32. Kg3 Ba5
33. Rd8+ Kf7 34. Rf3+ Bf5 35. Rxf8+ Kxf8 36. Qxc7 Bxc7+ 37. Bf4 e5 38. Bh6+ 1-0

[Event "Ì13Â"]
[Site "Loo"]
[Date "2017.04.25"]
[Round "6.22"]
[White "Äàí÷åíêî, Àðòåìèé."]
[Black "Ñìèðíîâ, Ñàâåëèé."]
[Result "1/2-1/2"]
[WhiteElo "1888"]
[BlackElo "1532"]
[PlyCount "85"]
[EventDate "2017.04.20"]

1. e4 c5 2. Nf3 d6 3. d4 cxd4 4. Nxd4 Nf6 5. Nc3 a6 6. Be2 e5 7. Nb3 Be7 8. O-O
O-O 9. Be3 Nbd7 10. a4 b6 11. Bf3 Bb7 12. Re1 Qc7 13. Re2 Rfd8 14. Rd2 Rac8 15.
Qe2 Qc4 16. Qxc4 Rxc4 17. Be2 Rc7 18. f3 h6 19. Rad1 Rc6 20. Kf2 Nc5 21. Bxc5
bxc5 22. Na5 Rc7 23. Nc4 Rcd7 24. b3 Bf8 25. Na2 Bxe4 26. fxe4 Nxe4+ 27. Kf3
Nxd2+ 28. Rxd2 e4+ 29. Kf2 d5 30. Bg4 f5 31. Ne5 Re7 32. Nc6 e3+ 33. Ke2 exd2+
34. Kxd2 Rd6 35. Nxe7+ Bxe7 36. Bxf5 Rf6 37. Bh3 Rf2+ 38. Kd3 d4 39. Be6+ Kf8
40. Bd5 Bd6 41. h3 Bf4 42. b4 Rd2+ 43. Ke4 1/2-1/2

[Event "Ì13Â"]
[Site "Loo"]
[Date "2017.04.25"]
[Round "6.23"]
[White "Êó÷åðîâ, Ìàòâåé."]
[Black "Ìîðîçîâ, Ãåííàäèé."]
[Result "0-1"]
[WhiteElo "1709"]
[BlackElo "1738"]
[PlyCount "98"]
[EventDate "2017.04.20"]

1. e4 e6 2. d4 d5 3. Nc3 Nf6 4. e5 Nfd7 5. Nf3 c5 6. dxc5 Bxc5 7. Bd3 Nc6 8.
Bf4 a6 9. O-O b5 10. a3 Bb7 11. Qe2 Nd4 12. Qd1 Qb6 13. b4 Nxf3+ 14. Qxf3 Bd4
15. Ne2 Nxe5 16. Bxe5 Bxe5 17. Rab1 g6 18. Nc1 Qc7 19. h3 O-O 20. Nb3 Kg7 21.
Nc5 Bc6 22. Rfe1 Rfe8 23. Bf1 Bf6 24. Nb3 d4 25. Qg3 Qxg3 26. fxg3 e5 27. Bd3
e4 28. Be2 Rad8 29. Nc5 a5 30. Kh2 a4 31. Red1 Be5 32. Rf1 f5 33. Rbd1 Bd6 34.
Rf2 Bxc5 35. bxc5 Re5 36. g4 Rxc5 37. gxf5 gxf5 38. g4 Rxc2 39. gxf5 Kf6 40.
Kg3 Rg8+ 41. Kf4 d3 42. h4 Rxe2 43. Rxe2 dxe2 44. Rd6+ Ke7 45. Rxc6 e1=Q 46.
f6+ Kd7 47. f7 Qf2+ 48. Kxe4 Rg4+ 49. Kd3 Rd4+ 0-1

[Event "Ì13Â"]
[Site "Loo"]
[Date "2017.04.25"]
[Round "6.25"]
[White "Ñìèðíîâ, Ìàðê."]
[Black "Äìèòðèåâ, Èâàí."]
[Result "1/2-1/2"]
[WhiteElo "1786"]
[BlackElo "1666"]
[PlyCount "82"]
[EventDate "2017.04.20"]

1. e4 e6 2. d4 b6 3. c4 Bb4+ 4. Bd2 Bxd2+ 5. Nxd2 Bb7 6. Ngf3 Ne7 7. Bd3 O-O 8.
O-O d6 9. Qc2 Nd7 10. b4 Nc6 11. a3 e5 12. d5 Ne7 13. Rab1 Ng6 14. Nb3 Ba6 15.
a4 Qe7 16. b5 Bb7 17. Rfe1 Nf4 18. Bf1 g6 19. g3 Nh5 20. Qd2 Ng7 21. Bg2 f6 22.
Rf1 Rae8 23. Rbe1 Bc8 24. a5 Bb7 25. Kh1 Kh8 26. a6 Bc8 27. Kg1 Qf7 28. Kh1 Re7
29. Qc1 Qe8 30. Nh4 g5 31. Nf5 Nxf5 32. exf5 Rg7 33. g4 h6 34. Be4 Qf7 35. h3
Kg8 36. Kg2 Rh7 37. Rh1 Kg7 38. h4 Rfh8 39. hxg5 hxg5 40. Rxh7+ Rxh7 41. Rh1
Kg8 1/2-1/2

[Event "Ì13Â"]
[Site "Loo"]
[Date "2017.04.25"]
[Round "6.26"]
[White "Êîçóáîâ, Ìèõàèë."]
[Black "Áîéêî, Àëåêñàíäð."]
[Result "1/2-1/2"]
[WhiteElo "1732"]
[BlackElo "1586"]
[PlyCount "103"]
[EventDate "2017.04.20"]

1. c4 Nf6 2. Nc3 c5 3. e4 d6 4. d3 g6 5. g3 Bg7 6. Bg2 O-O 7. Nge2 Nc6 8. O-O
Rb8 9. h3 a6 10. f4 e6 11. Rb1 Bd7 12. Be3 Qc7 13. Qd2 b5 14. b3 b4 15. Nd1 Ne7
16. Rc1 Bc6 17. Nf2 Nd7 18. d4 Rfd8 19. d5 exd5 20. exd5 Bb7 21. g4 f5 22. Ng3
Nf6 23. Qd3 Bc8 24. g5 Nd7 25. h4 a5 26. h5 a4 27. Rfe1 Nb6 28. Rc2 axb3 29.
axb3 Ra8 30. Rce2 Rd7 31. hxg6 hxg6 32. Bc1 Ra1 33. Qc2 Qa7 34. Bb2 Rxe1+ 35.
Rxe1 Qa2 36. Re2 Bxb2 37. Qxb2 Qxb2 38. Rxb2 Ra7 39. Bf3 Ra3 40. Kg2 Kf7 41.
Bd1 Ba6 42. Be2 Kf8 43. Nf1 Kf7 44. Nd2 Nbxd5 45. Nb1 Ra1 46. Nh3 Nb6 47. Kf2
d5 48. cxd5 Bxe2 49. Kxe2 Nbxd5 50. Kd3 Nc7 51. Kc4 Ne6 52. Nf2 1/2-1/2

[Event "Ì15Ï"]
[Site "Loo"]
[Date "2017.04.25"]
[Round "6.1"]
[White "Êèñåëåâ, Âëàäèñëàâ."]
[Black "Ìîðãà÷åâ, Ñåðãåé."]
[Result "1/2-1/2"]
[WhiteElo "1993"]
[BlackElo "1814"]
[PlyCount "80"]
[EventDate "2017.04.20"]

1. e4 e6 2. d4 d5 3. e5 c5 4. c3 Qb6 5. Nf3 Nc6 6. a3 Bd7 7. b4 cxd4 8. cxd4
Rc8 9. Be3 Nh6 10. Bd3 Ng4 11. O-O Be7 12. Ra2 Nxe3 13. fxe3 Nb8 14. b5 O-O 15.
a4 f6 16. exf6 Bxf6 17. Raf2 a6 18. g4 Be7 19. Ne5 Rxf2 20. Rxf2 Be8 21. Rc2
Rc7 22. Qc1 Bd6 23. Rxc7 Qxc7 24. Qxc7 Bxc7 25. Nf3 h6 26. Nc3 Ba5 27. Ne2 axb5
28. axb5 Nd7 29. Nf4 Nf8 30. h4 Bc7 31. Kf2 Kf7 32. Ke2 Ke7 33. Kd2 Nd7 34. g5
Kd6 35. g6 Bd8 36. Nh5 Bf6 37. Nxf6 Nxf6 38. Ne5 Ne4+ 39. Kc2 Nf2 40. Be2 Ne4
1/2-1/2

[Event "Ì15Ï"]
[Site "Loo"]
[Date "2017.04.25"]
[Round "6.2"]
[White "Ñëóãèí, ßðîñëàâ."]
[Black "Àáðàìîâ, Èëüÿ."]
[Result "1-0"]
[WhiteElo "1974"]
[BlackElo "1902"]
[PlyCount "81"]
[EventDate "2017.04.20"]

1. d4 Nf6 2. Nf3 g6 3. Bg5 Bg7 4. Nbd2 d6 5. c3 O-O 6. e4 Nc6 7. Bd3 e5 8. O-O
h6 9. Bxf6 Bxf6 10. dxe5 Nxe5 11. Nxe5 dxe5 12. Nc4 Be6 13. Ne3 c6 14. Bc4 Qe7
15. Qe2 Bg7 16. Rfd1 Rad8 17. Bxe6 Qxe6 18. Qc4 Qxc4 19. Nxc4 b6 20. Rxd8 Rxd8
21. Kf1 f5 22. Re1 f4 23. Ke2 Kf7 24. Rd1 Rxd1 25. Kxd1 Ke6 26. Ke2 g5 27. Kd3
g4 28. f3 h5 29. Nd2 Kf6 30. Ke2 Ke6 31. fxg4 hxg4 32. h3 f3+ 33. Kf2 Bh6 34.
Nb3 fxg2 35. hxg4 c5 36. c4 Kd6 37. Kxg2 Kc6 38. Na1 b5 39. b3 Kb6 40. Nc2 a5
41. a4 1-0

[Event "Ì15Ï"]
[Site "Loo"]
[Date "2017.04.25"]
[Round "6.3"]
[White "Äîëãèõ, Åâãåíèé."]
[Black "Êîçëîâ, Äåíèñ."]
[Result "1/2-1/2"]
[WhiteElo "2003"]
[BlackElo "1789"]
[PlyCount "119"]
[EventDate "2017.04.20"]

1. d4 e6 2. c4 Nf6 3. Nc3 b6 4. Bg5 Bb7 5. e3 h6 6. Bh4 Bb4 7. f3 c5 8. a3 cxd4
9. Qxd4 Nc6 10. Qd2 Ne4 11. Bxd8 Bxc3 12. Qxc3 Nxc3 13. Bc7 Na4 14. b3 Nc5 15.
b4 Na4 16. Bd6 Ne7 17. Kf2 Nf5 18. Bf4 f6 19. e4 Nd4 20. Ne2 Nxe2 21. Bxe2 e5
22. Bd2 Rc8 23. Rab1 a6 24. Bd1 b5 25. c5 Ke7 26. Bb3 Rhd8 27. Be3 d6 28. cxd6+
Kxd6 29. Rbc1 Ke7 30. Rxc8 Rxc8 31. Rc1 Rxc1 32. Bxc1 Nb6 33. Ke3 Bc8 34. g3
Be6 35. Bd1 Nc4+ 36. Kf2 Bd7 37. Be2 Be8 38. a4 Bf7 39. axb5 axb5 40. h4 Nd6
41. Be3 Bc4 42. Bxc4 Nxc4 43. Bc5+ Ke6 44. f4 f5 45. exf5+ Kxf5 46. fxe5 Nxe5
47. Bf8 Kf6 48. Ke3 Nd7 49. Bd6 Ke6 50. Bc7 Nf6 51. Kd4 Nd5 52. Be5 g6 53. Bg7
Nxb4 54. Bxh6 Na6 55. g4 b4 56. Kc4 Ke5 57. Bd2 Ke4 58. h5 gxh5 59. gxh5 Kf5
60. h6 1/2-1/2

[Event "Ì15Ï"]
[Site "Loo"]
[Date "2017.04.25"]
[Round "6.4"]
[White "Öûáóëüêèí, Èâàí."]
[Black "Àñàòðÿí, Ãîð."]
[Result "0-1"]
[WhiteElo "1734"]
[BlackElo "1916"]
[PlyCount "46"]
[EventDate "2017.04.20"]

1. d4 Nf6 2. Bf4 g6 3. Nf3 Bg7 4. e3 O-O 5. Be2 d6 6. O-O Nfd7 7. c4 e5 8. Bg3
Nc6 9. Nc3 f5 10. dxe5 Ncxe5 11. Bxe5 dxe5 12. Qd5+ Kh8 13. Rad1 c6 14. Qd2 e4
15. Nd4 Qe7 16. Nc2 a5 17. Na4 Be5 18. Nd4 f4 19. exf4 Bxf4 20. Qc3 Nf6 21. Nb6
Bxh2+ 22. Kh1 Be5 23. Nxa8 Nd5 0-1

[Event "Ì15Ï"]
[Site "Loo"]
[Date "2017.04.25"]
[Round "6.5"]
[White "Êðåòîâ, Ëåîíèä."]
[Black "Ðóäîâñêèé, Ôèëèïï."]
[Result "0-1"]
[WhiteElo "1911"]
[BlackElo "1710"]
[PlyCount "86"]
[EventDate "2017.04.20"]

1. Nf3 Nf6 2. c4 g6 3. Nc3 Bg7 4. e4 d6 5. d4 O-O 6. Be2 Nbd7 7. Bg5 c5 8. d5
h6 9. Bf4 Nh5 10. Be3 Qa5 11. Bd2 Qb6 12. Rb1 Nhf6 13. Nh4 h5 14. f4 Ng4 15. h3
Nh6 16. g4 Kh7 17. g5 Ng8 18. Bxh5 Bd4 19. f5 Ne5 20. Bxg6+ fxg6 21. fxg6+ Kg7
22. Qh5 Rf2 23. Qh7+ Kf8 24. g7+ Kf7 25. g6+ Kf6 26. Na4 Qa6 27. b3 b5 28. Qh5
bxa4 29. Bg5+ Kxg7 30. Qh7+ Kf8 31. g7+ Kf7 32. Qh5+ Kxg7 33. Rg1 Bg4 34. hxg4
axb3 35. Rh1 Nd3+ 36. Kd1 Qxc4 37. Nf5+ Rxf5 38. Qh7+ Kf8 39. Qxf5+ Ke8 40.
Qg6+ Kd7 41. Qe6+ Kc7 42. axb3 Nf2+ 43. Ke1 Qc2 0-1

[Event "Ì15Ï"]
[Site "Loo"]
[Date "2017.04.25"]
[Round "6.6"]
[White "Áîçðèêîâ, Ìàòâåé."]
[Black "Áîáêîâ, Âàäèì."]
[Result "1/2-1/2"]
[WhiteElo "1781"]
[BlackElo "1894"]
[PlyCount "120"]
[EventDate "2017.04.20"]

1. e4 c5 2. Nf3 e6 3. b3 d5 4. exd5 exd5 5. Bb5+ Bd7 6. Bxd7+ Qxd7 7. O-O Nf6
8. d4 Nc6 9. Re1+ Be7 10. dxc5 O-O 11. Bb2 Rfe8 12. Nbd2 Qd8 13. Nf1 Bxc5 14.
Bxf6 Rxe1 15. Bxd8 Rxd1 16. Rxd1 Rxd8 17. c3 f6 18. Ng3 Ne5 19. Nd4 Bxd4 20.
Rxd4 Kf7 21. Ne2 Nc6 22. Rd2 g5 23. f4 Ke6 24. Nd4+ Nxd4 25. Rxd4 Rc8 26. fxg5
fxg5 27. Rd3 Rc7 28. g4 Rf7 29. Kg2 Rf4 30. Re3+ Kd6 31. h3 b5 32. Re8 Re4 33.
Rxe4 dxe4 34. Kf2 Kd5 35. Ke3 a5 36. c4+ bxc4 37. bxc4+ Kxc4 38. Kxe4 a4 39.
Kf5 a3 40. Kxg5 Kc3 41. Kh6 Kb2 42. Kxh7 Kxa2 43. g5 Kb2 44. g6 a2 45. g7 a1=Q
46. g8=Q Qe1 47. Qg7+ Kb3 48. Qf7+ Kb4 49. Qb7+ Kc5 50. Qc7+ Kd5 51. Qd8+ Kc6
52. Qf6+ Kd7 53. h4 Qe4+ 54. Kh8 Qe2 55. Qf7+ Kd8 56. Qf6+ Kc7 57. Qg6 Kd8 58.
Qf5 Ke8 59. Qc8+ Kf7 60. Qb7+ Ke8 1/2-1/2

[Event "Ì15Ï"]
[Site "Loo"]
[Date "2017.04.25"]
[Round "6.7"]
[White "Ìåñòíèêîâ, Àéäûí."]
[Black "Øàäóíö, Êèðèëë."]
[Result "1-0"]
[WhiteElo "1699"]
[BlackElo "1877"]
[PlyCount "97"]
[EventDate "2017.04.20"]

1. d4 d5 2. Nf3 Nf6 3. e3 c5 4. b3 Nc6 5. Bb2 Bg4 6. Bd3 e6 7. Nbd2 cxd4 8.
exd4 Bd6 9. Qe2 a6 10. a3 Rc8 11. h3 Bh5 12. g4 Bg6 13. Bxg6 hxg6 14. Ne5 Qb6
15. c3 Nxd4 16. cxd4 Rc2 17. Qd3 Rxb2 18. Qc3 Rxd2 19. Qxd2 Ne4 20. Qc2 Bxe5
21. dxe5 Kd7 22. Rc1 f5 23. gxf5 gxf5 24. Rg1 g5 25. Rg2 g4 26. Kf1 Ng5 27.
hxg4 Nf3 28. Rg3 Nh2+ 29. Kg1 Nxg4 30. Rh3 Rxh3 31. Qc8+ Ke7 32. Rc7+ Qxc7 33.
Qxc7+ Ke8 34. Qc8+ Kf7 35. Qd7+ Kg6 36. Qxe6+ Kg5 37. Qxd5 f4 38. e6+ Kf6 39.
Qd8+ Kxe6 40. Qc8+ Ke5 41. Qxg4 Rxb3 42. Qg5+ Ke4 43. Qg6+ Ke5 44. Qe8+ Kd4 45.
Qa4+ Kc3 46. Qxf4 Rxa3 47. Qf3+ Kb2 48. Qxb7+ Rb3 49. Qxa6 1-0

[Event "Ì15Ï"]
[Site "Loo"]
[Date "2017.04.25"]
[Round "6.8"]
[White "Áåëîâ, Êèðèëë."]
[Black "Ïåòðîâ, Íèêîëàé."]
[Result "1-0"]
[WhiteElo "1615"]
[BlackElo "1832"]
[PlyCount "23"]
[EventDate "2017.04.20"]

1. e4 e6 2. d4 d5 3. e5 c5 4. c3 Nc6 5. Nf3 Qb6 6. a3 Nh6 7. b4 cxd4 8. cxd4
Nf5 9. Bb2 Bd7 10. Bc3 Rc8 11. Qd2 Be7 12. b5 1-0

[Event "Ì15Ï"]
[Site "Loo"]
[Date "2017.04.25"]
[Round "6.9"]
[White "Ãàáäðàõìàíîâ, Àçàò."]
[Black "Áðàæíèêîâ, Äìèòðèé."]
[Result "1-0"]
[WhiteElo "2011"]
[BlackElo "1465"]
[PlyCount "139"]
[EventDate "2017.04.20"]

1. e4 c5 2. Nf3 e6 3. d4 cxd4 4. Nxd4 Nc6 5. Nc3 a6 6. Be2 Qc7 7. O-O Nf6 8.
Be3 Be7 9. Kh1 O-O 10. f4 d6 11. Qe1 Nxd4 12. Bxd4 b5 13. a3 Bb7 14. Bf3 Rfd8
15. Qg3 Rac8 16. Rad1 Ne8 17. f5 Bf6 18. fxe6 fxe6 19. Bg4 Qe7 20. Qh3 Nc7 21.
Bxf6 gxf6 22. Qh4 Ne8 23. Bh5 Rc4 24. Rd3 Ng7 25. Rg3 Rf8 26. Be2 Rc5 27. Rh3
Ne8 28. Bg4 Nc7 29. Rg3 Rg5 30. Be2 Rxg3 31. Qxg3+ Kh8 32. Qh4 Qg7 33. Bf3 Ne8
34. h3 f5 35. Re1 fxe4 36. Bxe4 Bxe4 37. Qxe4 Rf2 38. Kg1 Rf6 39. Rf1 Rxf1+ 40.
Kxf1 Qf6+ 41. Kg1 Kg7 42. Qg4+ Qg6 43. Qd4+ e5 44. Qa7+ Qf7 45. Qxa6 Qf4 46.
Qb7+ Kg6 47. Qe4+ Qxe4 48. Nxe4 Kf5 49. Nc3 Nc7 50. Kf2 d5 51. Kf3 e4+ 52. Ke3
Ke5 53. Ne2 Ne6 54. c3 Nc5 55. Nd4 Nd3 56. Nc6+ Kd6 57. Nb4 Ke5 58. Nc6+ Kd6
59. Nd4 Nxb2 60. Nxb5+ Ke5 61. g3 Nc4+ 62. Ke2 Ke6 63. a4 Kd7 64. g4 Kc6 65. g5
Nb2 66. Nd4+ Kb6 67. h4 Nxa4 68. h5 Nc5 69. g6 hxg6 70. h6 1-0

[Event "Ì15Ï"]
[Site "Loo"]
[Date "2017.04.25"]
[Round "6.10"]
[White "ßäèãàðîâ, Àéâàç."]
[Black "Ñîìêèí, Êèðèëë."]
[Result "0-1"]
[WhiteElo "1699"]
[BlackElo "1942"]
[PlyCount "98"]
[EventDate "2017.04.20"]

1. d4 d5 2. c4 c6 3. Nf3 Nf6 4. e3 e6 5. Nc3 Nbd7 6. Bd3 dxc4 7. Bxc4 b5 8. Bd3
a6 9. e4 c5 10. e5 cxd4 11. Nxb5 Ng4 12. Nbxd4 Bb4+ 13. Bd2 Bxd2+ 14. Qxd2 Bb7
15. O-O Ndxe5 16. Be2 Bxf3 17. Bxf3 Nxf3+ 18. Nxf3 Qxd2 19. Nxd2 Ne5 20. f4 Nd3
21. Nc4 O-O-O 22. Rad1 f6 23. Rf3 Nc5 24. Rc1 Kb7 25. b4 Nd3 26. Na5+ Kb6 27.
Rc6+ Kb5 28. Rxe6 Nxb4 29. Nb7 Rd1+ 30. Kf2 Rd2+ 31. Kg3 Rxa2 32. Rc3 Rc2 33.
Ra3 Rc6 34. f5 Rg8 35. Nd6+ Kc5 36. Ra5+ Kb6 37. Nc4+ Kb7 38. Re4 Rgc8 39. Nd6+
Rxd6 40. Rxb4+ Rb6 41. Re4 Rc7 42. Kh3 Rb5 43. Rxb5+ axb5 44. Re6 Ka7 45. Kg3
b4 46. Re2 Ka6 47. Kf3 Kb5 48. Rb2 Ka4 49. Ke3 Ka3 0-1

[Event "Ì15Ï"]
[Site "Loo"]
[Date "2017.04.25"]
[Round "6.11"]
[White "Ãàãëàçîâ, Ìèõàèë."]
[Black "Áðèíü, Èëüÿ."]
[Result "0-1"]
[WhiteElo "1550"]
[BlackElo "1909"]
[PlyCount "62"]
[EventDate "2017.04.20"]

1. e4 c5 2. Nc3 e6 3. f4 d5 4. Bb5+ Bd7 5. Bxd7+ Qxd7 6. d3 Nc6 7. Nf3 O-O-O 8.
O-O d4 9. Ne2 Bd6 10. Bd2 f5 11. Ng3 Nge7 12. Nh5 Rhg8 13. Ng5 h6 14. Nf7 Rdf8
15. Nxd6+ Qxd6 16. Ng3 g5 17. Qe2 gxf4 18. Rxf4 Ng6 19. Rf2 f4 20. e5 Ncxe5 21.
Ne4 Qc7 22. Qd1 Nh4 23. Qh5 Nhg6 24. Raf1 Rf5 25. Qd1 f3 26. g3 h5 27. Ng5 h4
28. Nxf3 hxg3 29. hxg3 Nxf3+ 30. Rxf3 Nh4 31. Rxf5 Qxg3+ 0-1

[Event "Ì15Ï"]
[Site "Loo"]
[Date "2017.04.25"]
[Round "6.12"]
[White "Þí, Âÿ÷åñëàâ."]
[Black "Êóìàðãàëèåâ, Ìàðñåëü."]
[Result "0-1"]
[WhiteElo "1878"]
[BlackElo "1716"]
[PlyCount "72"]
[EventDate "2017.04.20"]

1. e4 c5 2. Nf3 d6 3. d4 cxd4 4. Qxd4 Nc6 5. Bb5 Bd7 6. Bxc6 Bxc6 7. Nc3 e5 8.
Qd3 a6 9. Be3 Nf6 10. O-O Be7 11. Rad1 O-O 12. Nd2 Kh8 13. f4 Ng4 14. f5 b5 15.
Rf3 Qc7 16. Rg3 Nxe3 17. Rxe3 b4 18. Ne2 Qb7 19. c4 bxc3 20. Nxc3 Bg5 21. Rh3
Rad8 22. Nf3 Bf4 23. g3 Qb6+ 24. Kh1 Be3 25. Re1 Bd4 26. Qd2 Bxc3 27. bxc3 f6
28. Rh6 Kg8 29. Rg6 Be8 30. Rg4 Bh5 31. Qd5+ Rf7 32. h3 Bxg4 33. hxg4 Qf2 34.
Qd1 Qxg3 35. Rg1 Qf4 36. Qd3 d5 0-1

[Event "Ì15Ï"]
[Site "Loo"]
[Date "2017.04.25"]
[Round "6.13"]
[White "Øàêèðîâ, Ìàðàò."]
[Black "Áîêòàåâ, Àäüÿí."]
[Result "1-0"]
[WhiteElo "1849"]
[BlackElo "1759"]
[PlyCount "75"]
[EventDate "2017.04.20"]

1. d4 d5 2. c4 c6 3. Nf3 Nf6 4. Nc3 e6 5. Bg5 Bb4 6. cxd5 exd5 7. Qc2 Be6 8. e3
Nbd7 9. Bd3 h6 10. Bh4 Rc8 11. O-O c5 12. a3 Bxc3 13. Qxc3 O-O 14. dxc5 Rxc5
15. Qb4 b6 16. Bg3 a5 17. Qd4 Qe7 18. b4 Rc6 19. Ne5 Nxe5 20. Bxe5 Bc8 21. Rfc1
Re6 22. Rc7 Qd8 23. Rac1 Bd7 24. Bf5 Rxe5 25. Qxe5 Re8 26. Qf4 g5 27. Qf3 Bb5
28. h4 d4 29. hxg5 hxg5 30. Qg3 Nd5 31. Rc8 Qf6 32. Rxe8+ Bxe8 33. Rc8 Kf8 34.
Bd7 d3 35. Rxe8+ Kg7 36. Qe5 Nc3 37. Qxf6+ Kxf6 38. Bg4 1-0

[Event "Ì15Ï"]
[Site "Loo"]
[Date "2017.04.25"]
[Round "6.14"]
[White "Ñàäîâíèêîâ, Êîíñòàíòèí."]
[Black "Àãàáåêîâ, Ñàâåëèé."]
[Result "0-1"]
[WhiteElo "1826"]
[BlackElo "1700"]
[PlyCount "40"]
[EventDate "2017.04.20"]

1. e4 e5 2. Nc3 Nf6 3. Bc4 Bc5 4. d3 d6 5. f4 Nc6 6. Nf3 Bg4 7. h3 Bxf3 8. Qxf3
O-O 9. f5 Nd4 10. Qd1 d5 11. Bb3 dxe4 12. Bg5 Nxb3 13. axb3 Qd4 14. Qd2 exd3
15. cxd3 Nd5 16. O-O-O Bb4 17. Kc2 f6 18. Rhe1 fxg5 19. Re4 Qc5 20. Rxe5 Bxc3
0-1

[Event "Ì15Ï"]
[Site "Loo"]
[Date "2017.04.25"]
[Round "6.15"]
[White "ßðîø, Ðóñëàí."]
[Black "Äîëãèðåâ, Ëåâ."]
[Result "0-1"]
[WhiteElo "1814"]
[BlackElo "1669"]
[PlyCount "65"]
[EventDate "2017.04.20"]

1. e4 e6 2. d4 d5 3. Nc3 Nf6 4. e5 Nfd7 5. f4 c5 6. Nf3 Nc6 7. Ne2 b5 8. c3 b4
9. f5 exf5 10. Nf4 bxc3 11. bxc3 Rb8 12. Bd3 Qa5 13. O-O cxd4 14. cxd4 Nb6 15.
a3 Be6 16. Bd2 Qa4 17. Bc2 Qa6 18. Bd3 Qa4 19. Bc2 Qa6 20. Ng5 Kd7 21. Ngxe6
fxe6 22. Qh5 Re8 23. Bd3 Qa4 24. Be3 Be7 25. Qf7 Nxd4 26. Bxd4 Qxd4+ 27. Kh1
Qxe5 28. Bb5+ Kd8 29. Nxe6+ Kc8 30. Bxe8 Bd6 31. Rac1+ Kb8 32. Rf4 Rf8 33. Rxf5
0-1

[Event "Ì15Ï"]
[Site "Loo"]
[Date "2017.04.25"]
[Round "6.16"]
[White "Ïàâëîâ, Ìèõàèë."]
[Black "Áóíèàòÿí, Äàâèä."]
[Result "1/2-1/2"]
[WhiteElo "1762"]
[BlackElo "1648"]
[PlyCount "83"]
[EventDate "2017.04.20"]

1. e4 c5 2. Nf3 d6 3. d4 cxd4 4. Nxd4 Nf6 5. Nc3 a6 6. Be2 e5 7. Nb3 Be6 8. f4
Qc7 9. O-O Be7 10. a4 O-O 11. Kh1 Nbd7 12. Be3 Rfd8 13. g4 exf4 14. Bxf4 Ne5
15. g5 Nfd7 16. Nd5 Bxd5 17. exd5 Nc4 18. Qd4 Rac8 19. Bg4 Nce5 20. Bf5 g6 21.
Be4 Qc4 22. Qe3 Ng4 23. Qe1 Re8 24. Nd2 Qd4 25. c3 Qb6 26. Qh4 h5 27. Rab1 Qa5
28. Qg3 Qxa4 29. Bxd6 Bxd6 30. Qxd6 Rxe4 31. Ra1 Qc2 32. Rxf7 Kxf7 33. Qxd7+
Re7 34. Rf1+ Kg7 35. Qxe7+ Kh8 36. Rf7 Qd1+ 37. Rf1 Qxd2 38. Rf8+ Rxf8 39.
Qxf8+ Kh7 40. Qf7+ Kh8 41. Qf8+ Kh7 42. Qf7+ 1/2-1/2

[Event "Ì15Ï"]
[Site "Loo"]
[Date "2017.04.25"]
[Round "6.17"]
[White "Áóêàòèí, Àðñåíèé."]
[Black "Àäûðáàåâ, Àëüáåðò."]
[Result "0-1"]
[WhiteElo "1772"]
[BlackElo "2008"]
[PlyCount "58"]
[EventDate "2017.04.20"]

1. e4 g6 2. d4 d6 3. Nc3 Bg7 4. f4 Nf6 5. Nf3 O-O 6. Bd3 c5 7. dxc5 dxc5 8. O-O
Nc6 9. Be3 b6 10. h3 Bb7 11. Qe2 Nd4 12. Bxd4 cxd4 13. Nb5 Nh5 14. Qd2 a6 15.
Na3 Bh6 16. Ng5 e5 17. Bc4 Bxg5 18. fxg5 Nf4 19. Rxf4 exf4 20. Qxf4 Qe7 21. Re1
b5 22. Bd3 f6 23. Qf2 Qe5 24. gxf6 Rxf6 25. Qd2 Raf8 26. Nb1 Qg3 27. Qd1 Rf2
28. Bf1 Rxg2+ 29. Bxg2 Rf2 0-1